| 000 | 00344nam a22001457a 4500 | ||
|---|---|---|---|
| 003 | OSt | ||
| 008 | 250115b |||||||| |||| 00| 0 eng d | ||
| 041 | _aeng | ||
| 082 |
_a551.498 _bGAR/GR |
||
| 100 |
_aGarg, P _96940 |
||
| 245 | _aGround Water and Tube Wells | ||
| 250 | _a2nd | ||
| 260 |
_aNew Delhi: _bDhanpat Rai & Sons, _c1982. |
||
| 942 | _cBK | ||
| 999 |
_c19031 _d19031 |
||